[Event "AUT-ch Seniors"]
[Site "Wirt im Feld"]
[Date "2015.09.15"]
[Round "3"]
[White "Woeber, Friedrich"]
[Black "Kargl, Kurt"]
[Result "1/2-1/2"]
[WhiteElo "2162"]
[BlackElo "2113"]
[PlyCount "22"]
[EventDate "2015.09.13"]
[EventType "swiss"]
[EventRounds "7"]
[EventCountry "AUT"]
[SourceTitle "EXT 2016"]
[Source "ChessBase"]
[SourceDate "2015.10.08"]
[SourceVersion "1"]
[SourceVersionDate "2015.10.08"]
[SourceQuality "1"]

1. e4 g6 2. d4 c6 3. c4 Bg7 4. Nc3 d6 5. Be2 f5 6. exf5 Bxf5 7. Nf3 Na6 8. 0-0 Nh6 9. Bf4 Nf7 10. Re1 0-0 11. h3 e5 1/2-1/2

[Event "AUT-ch Seniors"]
[Site "Wirt im Feld"]
[Date "2015.09.14"]
[Round "2"]
[White "Kargl, Kurt"]
[Black "Hicker, Harald"]
[Result "1-0"]
[WhiteElo "2113"]
[BlackElo "2055"]
[PlyCount "55"]
[EventDate "2015.09.13"]
[EventType "swiss"]
[EventRounds "7"]
[EventCountry "AUT"]
[SourceTitle "EXT 2016"]
[Source "ChessBase"]
[SourceDate "2015.10.08"]
[SourceVersion "1"]
[SourceVersionDate "2015.10.08"]
[SourceQuality "1"]

1. d4 d5 2. c4 c6 3. Nf3 Nf6 4. Nc3 e6 5. e3 Bb4 6. a3 Bxc3+ 7. bxc3 Qa5 8. Qc2 Nbd7 9. cxd5 exd5 10. Bd2 Ne4 11. Bd3 Ndf6 12. 0-0 Nxd2 13. Nxd2 0-0 14. a4 Re8 15. Rfe1 g6 16. f3 Qc7 17. e4 dxe4 18. fxe4 Ng4 19. e5 Nh6 20. Ne4 Re7 21. Rf1 Kh8 22. Nf6 Be6 23. Qf2 Ng8 24. Qh4 Nxf6 25. exf6 Rd7 26. Qh6 Rg8 27. Rf4 g5 28. Qxh7# 1-0

[Event "AUT-chT2M 0102"]
[Site "Austria"]
[Date "2001.11.04"]
[Round "3.4"]
[White "Mitterhuemer, Guenter"]
[Black "Kargl, Kurt"]
[Result "1/2-1/2"]
[WhiteElo "2074"]
[BlackElo "2190"]
[PlyCount "20"]
[EventDate "2001.11.02"]
[EventType "team"]
[EventRounds "11"]
[EventCountry "AUT"]
[SourceTitle "EXT 2003"]
[Source "ChessBase"]
[SourceDate "2002.11.25"]
[SourceVersion "1"]
[SourceVersionDate "2002.11.25"]
[SourceQuality "1"]
[WhiteTeam "Hartkirchen"]
[BlackTeam "Stein Steyr"]
[WhiteTeamCountry "AUT"]
[BlackTeamCountry "AUT"]

1. e4 c5 2. Nc3 Nc6 3. g3 g6 4. Bg2 Bg7 5. f4 d6 6. Nf3 Bg4 7. h3 Bxf3 8. Qxf3 Nd4 9. Qd1 Rb8 10. Ne2 e6 1/2-1/2

[Event "AUT-chT2M 9900"]
[Site "Austria"]
[Date "2000.03.19"]
[Round "11.3"]
[White "Vlasak, Reinhard"]
[Black "Kargl, Kurt"]
[Result "1/2-1/2"]
[WhiteElo "2171"]
[BlackElo "2241"]
[PlyCount "59"]
[EventDate "1999.??.??"]
[EventType "team"]
[EventRounds "11"]
[EventCountry "AUT"]
[SourceTitle "EXT 2004"]
[Source "ChessBase"]
[SourceDate "2003.11.25"]
[SourceVersion "1"]
[SourceVersionDate "2003.11.25"]
[SourceQuality "1"]

1. e4 e5 2. Nc3 Nc6 3. f4 exf4 4. Nf3 g5 5. h4 g4 6. Ng5 d6 7. d4 h6 8. Nxf7 Kxf7 9. Bc4+ Kg7 10. Nd5 Nf6 11. Nxf4 h5 12. 0-0 Rh6 13. Nd5 Nh7 14. Bxh6+ Kxh6 15. Qd2+ Kg7 16. g3 Be6 17. Rae1 Bg8 18. Bb3 Be7 19. Nf4 Qd7 20. Nxh5+ Kh8 21. Nf4 Bf6 22. c3 Bxb3 23. axb3 Re8 24. Nh5 Bg7 25. Nxg7 Qxg7 26. Qf4 Rf8 27. Qe3 Re8 28. b4 a6 29. Qf4 Rf8 30. Qe3 1/2-1/2

[Event "AUT-chT2M 9900"]
[Site "Austria"]
[Date "1999.12.04"]
[Round "4.3"]
[White "Taggatz, Mario"]
[Black "Kargl, Kurt"]
[Result "1-0"]
[WhiteElo "2220"]
[BlackElo "2241"]
[PlyCount "53"]
[EventDate "1999.??.??"]
[EventType "team"]
[EventRounds "11"]
[EventCountry "AUT"]
[SourceTitle "EXT 2004"]
[Source "ChessBase"]
[SourceDate "2003.11.25"]
[SourceVersion "1"]
[SourceVersionDate "2003.11.25"]
[SourceQuality "1"]

1. d4 d5 2. c4 dxc4 3. e4 Nf6 4. e5 Nd5 5. Bxc4 e6 6. Nf3 Be7 7. 0-0 Nb6 8. Bd3 Bd7 9. Nc3 Bc6 10. Ne4 N8d7 11. Nfg5 Bxe4 12. Nxe4 Nd5 13. Qg4 g6 14. Bh6 N7b6 15. Rac1 Nb4 16. Bb1 N6d5 17. Rfd1 Qd7 18. a3 Nc6 19. Bd3 a6 20. Nc5 Bxc5 21. Rxc5 Nce7 22. Be4 0-0-0 23. Qf3 b6 24. Rc2 Kb8 25. Bg5 Rc8 26. Bxe7 Nxe7 27. Bb7 1-0

[Event "AUT-chT2O 9798"]
[Site "Austria"]
[Date "1998.??.??"]
[Round "7"]
[White "Kargl, Kurt"]
[Black "Stanka, Wolfgang"]
[Result "1-0"]
[WhiteElo "2240"]
[BlackElo "2130"]
[PlyCount "87"]
[EventDate "1997.??.??"]
[EventType "team"]
[EventRounds "13"]
[EventCountry "AUT"]
[SourceTitle "EXT 1999"]
[Source "ChessBase"]
[SourceDate "1998.11.16"]
[SourceVersion "1"]
[SourceVersionDate "1998.11.16"]
[SourceQuality "1"]

1. d4 d5 2. Nf3 Nf6 3. g3 c6 4. Bg2 Bf5 5. 0-0 e6 6. b3 Bd6 7. Bb2 0-0 8. c4 Nbd7 9. Nbd2 Bc7 10. Ne1 e5 11. cxd5 cxd5 12. dxe5 Nxe5 13. Ndf3 Nxf3+ 14. Nxf3 Be4 15. Rc1 Bb6 16. Nh4 Qe7 17. Qd2 Ng4 18. h3 Nxf2 19. Rxf2 Bxf2+ 20. Kxf2 f5 21. Nf3 f4 22. gxf4 Rf5 23. e3 Raf8 24. Kg1 Rh5 25. Rf1 Qd7 26. Ne5 Qf5 27. Ng4 Bxg2 28. Qxg2 g6 29. Rc1 Qe6 30. Bd4 b6 31. a4 h6 32. Rc7 Rf7 33. Rxf7 Kxf7 34. Qf3 Qe4 35. Qxe4 dxe4 36. Kg2 b5 37. Ne5+ Ke6 38. axb5 g5 39. Bxa7 gxf4 40. exf4 Rf5 41. b6 Rxf4 42. b7 Rf8 43. b8Q Rxb8 44. Bxb8 1-0

[Event "Linz"]
[Site "Linz"]
[Date "1995.??.??"]
[Round "7"]
[White "Kargl, Kurt"]
[Black "Lechtynsky, Jiri"]
[Result "0-1"]
[WhiteElo "2305"]
[BlackElo "2400"]
[PlyCount "88"]
[EventDate "1995.??.??"]
[EventType "tourn"]
[EventRounds "9"]
[EventCountry "AUT"]
[EventCategory "4"]
[SourceTitle "EXT 1997"]
[Source "ChessBase"]
[SourceDate "1996.11.15"]
[SourceVersion "1"]
[SourceVersionDate "1996.11.15"]
[SourceQuality "1"]

1. d4 Nf6 2. c4 e6 3. Nc3 Bb4 4. e3 0-0 5. Bd3 d5 6. Nf3 c5 7. 0-0 dxc4 8. Bxc4 Nc6 9. a3 Ba5 10. Qd3 a6 11. dxc5 Qxd3 12. Bxd3 Bxc3 13. bxc3 Na5 14. Bc2 Bd7 15. e4 Bb5 16. Re1 Nd7 17. Nd4 Bc4 18. c6 bxc6 19. Rb1 Rab8 20. Be3 c5 21. Nf3 e5 22. Red1 Rxb1 23. Rxb1 Bb5 24. Nd2 Rd8 25. a4 Bc6 26. f3 Kf8 27. Kf2 Ke7 28. Bd3 Ra8 29. Bc2 f6 30. Ke2 Kd6 31. Kd3 Rb8 32. Rxb8 Nxb8 33. Nc4+ Nxc4 34. Kxc4 Nd7 35. Kb3 Nb6 36. a5 Ba4+ 37. Ka2 Nc4 38. Bxc5+ Kxc5 39. Bxa4 Nxa5 40. Bd7 Nc4 41. Bc8 a5 42. Ba6 a4 43. h4 Ne3 44. g3 Nd1 0-1

[Event "AUT-chT2O 9495"]
[Site "Austria"]
[Date "1995.??.??"]
[Round "?"]
[White "Kargl, Kurt"]
[Black "Prager, Manfred"]
[Result "1/2-1/2"]
[WhiteElo "2305"]
[BlackElo "2225"]
[PlyCount "32"]
[EventDate "1994.??.??"]
[EventType "team"]
[EventRounds "11"]
[EventCountry "AUT"]
[SourceTitle "EXT 1999"]
[Source "ChessBase"]
[SourceDate "1998.11.16"]
[SourceVersion "1"]
[SourceVersionDate "1998.11.16"]
[SourceQuality "1"]

1. d4 Nf6 2. g3 d5 3. Bg2 e6 4. Nf3 c5 5. 0-0 Nc6 6. c4 dxc4 7. Qa4 Bd7 8. Qxc4 cxd4 9. Nxd4 Rc8 10. Nc3 Nxd4 11. Qxd4 Bc5 12. Qd3 Qb6 13. Bg5 Be7 14. Rad1 Rd8 15. Qc2 h6 16. Be3 Qa6 1/2-1/2

[Event "Linz"]
[Site "Linz"]
[Date "1995.??.??"]
[Round "9"]
[White "Kargl, Kurt"]
[Black "Weiss, Christian"]
[Result "1/2-1/2"]
[WhiteElo "2305"]
[BlackElo "2250"]
[PlyCount "21"]
[EventDate "1995.??.??"]
[EventType "tourn"]
[EventRounds "9"]
[EventCountry "AUT"]
[EventCategory "4"]
[SourceTitle "EXT 1997"]
[Source "ChessBase"]
[SourceDate "1996.11.15"]
[SourceVersion "1"]
[SourceVersionDate "1996.11.15"]
[SourceQuality "1"]

1. d4 Nf6 2. Nf3 g6 3. Bf4 Bg7 4. h3 d6 5. e3 0-0 6. Nbd2 Nbd7 7. Bc4 c6 8. a4 b6 9. 0-0 Bb7 10. Qe2 a6 11. c3 1/2-1/2

[Event "AUT-chT2O 9596"]
[Site "Austria"]
[Date "1995.??.??"]
[Round "7"]
[White "Kargl, Kurt"]
[Black "Wirius, Stefan"]
[Result "1/2-1/2"]
[WhiteElo "2285"]
[BlackElo "2270"]
[PlyCount "22"]
[EventDate "1995.??.??"]
[EventType "team"]
[EventRounds "11"]
[EventCountry "AUT"]
[SourceTitle "EXT 1999"]
[Source "ChessBase"]
[SourceDate "1998.11.16"]
[SourceVersion "1"]
[SourceVersionDate "1998.11.16"]
[SourceQuality "1"]

1. c4 g6 2. Nc3 Bg7 3. g3 c5 4. Bg2 Nc6 5. e4 e5 6. d3 d6 7. Nge2 a6 8. 0-0 Nge7 9. h3 Rb8 10. a4 0-0 11. Rb1 h6 1/2-1/2

[Event "AUT-chT2O 9495"]
[Site "Austria"]
[Date "1995.??.??"]
[Round "?"]
[White "Schwab, Rene"]
[Black "Kargl, Kurt"]
[Result "1-0"]
[WhiteElo "2290"]
[BlackElo "2305"]
[PlyCount "129"]
[EventDate "1994.??.??"]
[EventType "team"]
[EventRounds "11"]
[EventCountry "AUT"]
[SourceTitle "EXT 1999"]
[Source "ChessBase"]
[SourceDate "1998.11.16"]
[SourceVersion "1"]
[SourceVersionDate "1998.11.16"]
[SourceQuality "1"]

1. e4 d6 2. d4 g6 3. c4 Bg7 4. Nc3 e5 5. dxe5 dxe5 6. Qxd8+ Kxd8 7. Bg5+ f6 8. Be3 Be6 9. 0-0-0+ Nd7 10. g3 Nh6 11. f3 Nf7 12. Bh3 Bxh3 13. Nxh3 c6 14. Rd3 Kc7 15. Rhd1 Rhd8 16. Kc2 Bf8 17. a3 Nc5 18. Rxd8 Nxd8 19. f4 Nd7 20. Nf2 Nf7 21. b4 Be7 22. Kb3 exf4 23. gxf4 g5 24. Ne2 Nf8 25. c5 Rd8 26. Rg1 b6 27. h4 h6 28. cxb6+ axb6 29. Nd4 Bd6 30. fxg5 hxg5 31. hxg5 fxg5 32. Rc1 Kb7 33. Nxc6 Re8 34. Nd4 Bg3 35. Nb5 Ne6 36. Ng4 Bf4 37. Rf1 Rd8 38. Kc4 Nd6+ 39. Nxd6+ Rxd6 40. e5 Rd8 41. Rh1 Bxe3 42. Rh7+ Nc7 43. Nxe3 b5+ 44. Kc3 Kc8 45. Nf5 Rf8 46. Nd6+ Kb8 47. Kd4 g4 48. Ke4 Rg8 49. Rh2 Ka7 50. Nf5 Rg5 51. Rh7 Kb6 52. Rh6+ Ka7 53. Rc6 Kb7 54. Rc3 Ne6 55. Rg3 Kc6 56. Ne3 Rh5 57. Nxg4 Ng5+ 58. Kf5 Nh3+ 59. Kf6 Nf4 60. Rc3+ Kd5 61. Rc5+ Ke4 62. Ke7 Rg5 63. Nf6+ Kd4 64. Kd6 Nd3 65. Rd5+ 1-0

[Event "AUT-chT"]
[Site "Austria"]
[Date "1992.??.??"]
[Round "?"]
[White "Fischer, Johann"]
[Black "Kargl, Kurt"]
[Result "1-0"]
[WhiteElo "2300"]
[BlackElo "2305"]
[PlyCount "71"]
[EventDate "1992.??.??"]
[EventType "team"]
[EventRounds "11"]
[EventCountry "AUT"]
[SourceTitle "EXT 1997"]
[Source "ChessBase"]
[SourceDate "1996.11.15"]
[SourceVersion "1"]
[SourceVersionDate "1996.11.15"]
[SourceQuality "1"]

1. d4 c5 2. c3 e6 3. Nf3 Nf6 4. e3 Nc6 5. Bd3 d5 6. Qe2 Ne4 7. Nbd2 f5 8. Ne5 Nxe5 9. dxe5 Qc7 10. f4 Be7 11. 0-0 Bd7 12. Bb5 Bxb5 13. Qxb5+ Qc6 14. Qe2 c4 15. Nxe4 dxe4 16. Rd1 0-0 17. b4 Rfd8 18. Rd4 Rxd4 19. exd4 a5 20. bxa5 Rxa5 21. g4 b5 22. gxf5 exf5 23. Be3 b4 24. cxb4 Bxb4 25. Rb1 Bf8 26. Rc1 Ra3 27. Kf2 Rd3 28. Qc2 Qh6 29. Qxc4+ Kh8 30. Kg1 Qh3 31. Bf2 Qg4+ 32. Bg3 Rxg3+ 33. hxg3 Qxg3+ 34. Kf1 Qxf4+ 35. Ke1 Qe3+ 36. Kd1 1-0

[Event "AUT-chT"]
[Site "Austria"]
[Date "1992.??.??"]
[Round "?"]
[White "Kargl, Kurt"]
[Black "Schumi, Manfred"]
[Result "1-0"]
[WhiteElo "2305"]
[BlackElo "2245"]
[PlyCount "59"]
[EventDate "1992.??.??"]
[EventType "team"]
[EventRounds "11"]
[EventCountry "AUT"]
[SourceTitle "EXT 1997"]
[Source "ChessBase"]
[SourceDate "1996.11.15"]
[SourceVersion "1"]
[SourceVersionDate "1996.11.15"]
[SourceQuality "1"]

1. d4 Nf6 2. Nf3 g6 3. g3 Bg7 4. Bg2 0-0 5. 0-0 d6 6. c4 Nc6 7. Nc3 a6 8. e3 Rb8 9. b3 b5 10. cxb5 axb5 11. Bb2 Na5 12. Ne2 c5 13. dxc5 dxc5 14. Be5 Rb7 15. Rc1 Nd7 16. Bxg7 Kxg7 17. Qc2 Qb6 18. Nf4 e6 19. Rfd1 Rc7 20. Ng5 Bb7 21. Bxb7 Nxb7 22. h4 Qc6 23. h5 Kh6 24. hxg6 Kxg5 25. g7 Rg8 26. Qxh7 Rcc8 27. Qh4+ Kf5 28. g4+ Ke4 29. Nd3 Rxg7 30. Qh1# 1-0

[Event "AUT-ch"]
[Site "Wolfsberg"]
[Date "1985.06.27"]
[Round "13"]
[White "Kargl, Kurt"]
[Black "Dueckstein, Andreas"]
[Result "1/2-1/2"]
[WhiteElo "2305"]
[BlackElo "2335"]
[PlyCount "31"]
[EventDate "1985.06.15"]
[EventType "tourn"]
[EventRounds "15"]
[EventCountry "AUT"]
[EventCategory "4"]
[SourceTitle "MCD"]
[Source "ChessBase"]
[SourceDate "1999.07.01"]
[SourceVersion "1"]
[SourceVersionDate "1999.07.01"]
[SourceQuality "1"]

1. d4 d5 2. c4 dxc4 3. Nf3 a6 4. e3 Bg4 5. Bxc4 e6 6. h3 Bh5 7. Nc3 Nf6 8. 0-0 c5 9. dxc5 Qxd1 10. Rxd1 Bxf3 11. gxf3 Bxc5 12. b3 Nbd7 13. Bb2 0-0-0 14. a3 Nb6 15. Be2 Rxd1+ 16. Rxd1 1/2-1/2

[Event "AUT-ch"]
[Site "Wolfsberg"]
[Date "1985.06.22"]
[Round "8"]
[White "Pils, Walter"]
[Black "Kargl, Kurt"]
[Result "1/2-1/2"]
[WhiteElo "2380"]
[BlackElo "2305"]
[PlyCount "38"]
[EventDate "1985.06.15"]
[EventType "tourn"]
[EventRounds "15"]
[EventCountry "AUT"]
[EventCategory "4"]
[SourceTitle "MCD"]
[Source "ChessBase"]
[SourceDate "1999.07.01"]
[SourceVersion "1"]
[SourceVersionDate "1999.07.01"]
[SourceQuality "1"]

1. d4 Nf6 2. Nf3 b6 3. g3 Bb7 4. Bg2 c5 5. dxc5 bxc5 6. c4 g6 7. Nc3 Bg7 8. 0-0 0-0 9. Qc2 Nc6 10. Rd1 d6 11. a3 Rb8 12. Rb1 Bc8 13. h3 Bd7 14. e3 Qc8 15. Kh2 Na5 16. b3 Qa6 17. Nd2 Nc6 18. Nce4 Rfd8 19. g4 Qb6 1/2-1/2

[Event "AUT-ch"]
[Site "Wolfsberg"]
[Date "1985.06.21"]
[Round "7"]
[White "Kargl, Kurt"]
[Black "Opl, Klaus"]
[Result "1/2-1/2"]
[WhiteElo "2305"]
[BlackElo "2345"]
[PlyCount "29"]
[EventDate "1985.06.15"]
[EventType "tourn"]
[EventRounds "15"]
[EventCountry "AUT"]
[EventCategory "4"]
[SourceTitle "MCD"]
[Source "ChessBase"]
[SourceDate "1999.07.01"]
[SourceVersion "1"]
[SourceVersionDate "1999.07.01"]
[SourceQuality "1"]

1. d4 Nf6 2. Nf3 e6 3. c4 d5 4. Nc3 c6 5. e3 Nbd7 6. Qc2 Bd6 7. Bd2 0-0 8. 0-0-0 c5 9. cxd5 exd5 10. h3 a6 11. e4 dxe4 12. Nxe4 Nxe4 13. Qxe4 cxd4 14. Bd3 g6 15. Qxd4 1/2-1/2

[Event "AUT-ch"]
[Site "Wolfsberg"]
[Date "1985.06.20"]
[Round "6"]
[White "Klinger, Josef"]
[Black "Kargl, Kurt"]
[Result "1/2-1/2"]
[WhiteElo "2495"]
[BlackElo "2305"]
[PlyCount "111"]
[EventDate "1985.06.15"]
[EventType "tourn"]
[EventRounds "15"]
[EventCountry "AUT"]
[EventCategory "4"]
[SourceTitle "MCD"]
[Source "ChessBase"]
[SourceDate "1999.07.01"]
[SourceVersion "1"]
[SourceVersionDate "1999.07.01"]
[SourceQuality "1"]

1. e4 e6 2. Nc3 d5 3. d4 Nf6 4. e5 Nfd7 5. f4 c5 6. Nf3 Nc6 7. Be3 cxd4 8. Nxd4 Nxd4 9. Bxd4 Nb8 10. Qd2 Nc6 11. 0-0-0 Qa5 12. Kb1 Bd7 13. Be2 Rc8 14. f5 Bb4 15. Qg5 Nxd4 16. Rxd4 Rxc3 17. bxc3 Bxc3 18. Rd3 h6 19. Qf4 d4 20. Rxc3 dxc3 21. Ka1 exf5 22. Rb1 0-0 23. Bc4 b5 24. Qd4 Qc7 25. Bb3 Re8 26. Qd5 Be6 27. Qxb5 Rb8 28. Qa4 Qxe5 29. Qxa7 Rb5 30. Qe7 Qb8 31. Rd1 Qe5 32. Qd6 Qxd6 33. Rxd6 Re5 34. Rd1 Re2 35. a4 Rxg2 36. a5 Rd2 37. Re1 Rd6 38. Ka2 Ra6 39. Re5 f4 40. Bxe6 fxe6 41. Kb3 Kf7 42. Kxc3 Kf6 43. Rb5 g5 44. h3 h5 45. Kd3 Rd6+ 46. Ke4 Rd1 47. h4 Re1+ 48. Kf3 Re3+ 49. Kf2 g4 50. Rb3 g3+ 51. Kf1 Re5 52. Ra3 Rd5 53. a6 Rd1+ 54. Kg2 Rd2+ 55. Kf1 Rd1+ 56. Kg2 1/2-1/2